The northern Tennessee coal field (Record no. 26463)

MARC details
000 -LEADER
fixed length control field 00932cam a22002411 4500
001 - CONTROL NUMBER
control field gs 26000178
003 - CONTROL NUMBER IDENTIFIER
control field DLC
005 - DATE AND TIME OF LATEST TRANSACTION
control field 20260227111330.0
008 - FIXED-LENGTH DATA ELEMENTS--GENERAL INFORMATION
fixed length control field 760514s1925 tnuabf 000 0 eng c
010 ## - LIBRARY OF CONGRESS CONTROL NUMBER
LC control number gs 26000178
035 ## - SYSTEM CONTROL NUMBER
System control number (OCoLC)2177163
040 ## - CATALOGING SOURCE
Original cataloging agency U. S. Geol. Survey Libr.
Transcribing agency NcWsW
Modifying agency DLC
050 00 - LIBRARY OF CONGRESS CALL NUMBER
Classification number QE165
Item number .A2 33-B
051 ## - LIBRARY OF CONGRESS COPY, ISSUE, OFFPRINT STATEMENT
Classification number TN805.T2
Item number G6
Copy information Copy 2.
100 1# - MAIN ENTRY--PERSONAL NAME
Personal name Glenn, L. C.
Fuller form of name (Leonidas Chalmers),
Dates associated with a name 1871-
245 14 - TITLE STATEMENT
Title The northern Tennessee coal field
Remainder of title included in Anderson, Campbell, Claiborne, Fentress, Morgan, Overton, Pickett, Roane, and Scott counties,
Statement of responsibility, etc. by L. C. Glenn.
260 ## - PUBLICATION, DISTRIBUTION, ETC.
Place of publication, distribution, etc. Nashville, Tenn.,
Date of publication, distribution, etc. 1925.
300 ## - PHYSICAL DESCRIPTION
Extent xvi, 478 p.
Other physical details illus., XIII pl., maps, tables.
Dimensions 23 cm.
490 0# - SERIES STATEMENT
Series statement Tennessee. Geological survey. Bulletin
Volume/sequential designation 33-B
500 ## - GENERAL NOTE
General note At head of title: State of Tennessee. Department of education. Division of geology.
650 #0 - SUBJECT ADDED ENTRY--TOPICAL TERM
Topical term or geographic name entry element Coal
Geographic subdivision Tennessee.
650 #0 - SUBJECT ADDED ENTRY--TOPICAL TERM
Topical term or geographic name entry element Geology, Economic.

No items available.

Powered by Koha